| 000 | 00989cam a2200301 a 4500 | ||
|---|---|---|---|
| 003 | CHAP | ||
| 005 | 20220329142232.0 | ||
| 008 | 000314d1994 mx r 10100 spa d | ||
| 010 | _a80340 | ||
| 011 | _a81312 | ||
| 035 | _a91780 | ||
| 040 | _cCHAP | ||
| 090 | _aFolleto 15729 | ||
| 111 | 0 | 0 |
_aCurso Internacional de Sistemas de Riego _n(3 : _d1994 : _cChapingo, Méx.) _930660 |
| 245 | 1 | 0 |
_a[Programa] _c/por UACH. Departamento de Irrigación |
| 260 |
_aChapingo, Méx. : _bUACH. Departamento de Irrigación, _c1994. |
||
| 300 | _a8 p. | ||
| 590 |
_aBATCH-UPD _b10 _c20130110 _lUCH01 _h1613 |
||
| 590 |
_aBATCH-UPD _b10 _c20130410 _lUCH01 _h1008 |
||
| 590 |
_aBATCH-UPD _b10 _c20130914 _lUCH01 _h1656 |
||
| 590 |
_aCONVERSION _b10 _c20130109 _lUCH01 _h1345 |
||
| 650 | 1 | 4 |
_aIrrigación _xCongresos. _960390 |
| 710 | 0 |
_aUACH. Departamento de Irrigación. _9115874 |
|
| 901 | _aBK | ||
| 905 | _aLilia Sánchez G. | ||
| 942 | _cFOLL | ||
| 949 |
_aFolleto 15729 _bBC _cUACH _d917801 _eUACH _i91780 _sb |
||
| 999 |
_c80340 _d80340 |
||